Neuropsiquiatría / (Record no. 40991)

MARC details
000 -CABECERA
campo de control de longitud fija 00610nam a2200217 a 4500
005 - FECHA Y HORA DE LA ÚLTIMA TRANSACCIÓN
campo de control 20240213064349.0
008 - ELEMENTOS DE LONGITUD FIJA--INFORMACIÓN GENERAL
campo de control de longitud fija 991125s1984 mx 000 0 spa u
020 ## - NÚMERO INTERNACIONAL NORMALIZADO PARA LIBROS
Número Internacional Estándar del Libro 9681816560
035 ## - NÚMERO DE CONTROL DEL SISTEMA
Número de control de sistema UPN01000040991
049 ## - COLECCIÓN
Colección CG
050 #4 - SIGNATURA TOPOGRÁFICA DE LA BIBLIOTECA DEL CONGRESO
Número de clasificación RC338 T7.58
100 1# - ASIENTO PRINCIPAL--NOMBRE PERSONAL
Nombre de persona Trimble, Michael R.
245 10 - MENCIÓN DE TÍTULO
Título Neuropsiquiatría /
Mención de responsabilidad, etc. Michael R. Trimble ; tr. Edgar Samuel Ramírez Marroquín ; rev. Agustin Caso Muñoz
260 ## - PUBLICACIÓN, DISTRIBUCIÓN, ETC.
Lugar de publicación, distribución, etc. México :
Nombre del editor, distribuidor, etc. Limusa,
Fecha de publicación, distribución, etc. 1984
300 ## - DESCRIPCIÓN FÍSICA
Extensión 396 p.
650 #2 - ASIENTO SECUNDARIO DE MATERIA - TERMINO TEMATICO
Término de materia o nombre geográfico como elemento de entrada Neurología
9 (RLIN) 15960
650 #4 - ASIENTO SECUNDARIO DE MATERIA - TERMINO TEMATICO
Término de materia o nombre geográfico como elemento de entrada Psiquiatría
9 (RLIN) 10046
904 ## - ELEMENTOS DE DATOS D LOCAL, LDD (RLIN)
a AC
b 040993
905 ## - TIPO DE MATERIAL
Tipo de material Libro
Holdings
Estado de retiro Estado de pérdida Fuente del sistema de clasificación o colocación Estado dañado No para préstamo Código de colección Localización permanente Ubicación/localización actual Ubicación en estantería Enumeración/cronología de publicación seriada Total de préstamos Clasificación Código de barras Fecha visto por última vez Número de copia Tipo de ítem Koha Fecha de adquisición Fecha del último préstamo
    Library of Congress Classification     Colección General Bib. Gregorio Torres Quintero Bib. Gregorio Torres Quintero Planta baja - 7 RC338 T7.58 76017 31/12/2020 1 Libro    
    Library of Congress Classification     Colección General Bib. Gregorio Torres Quintero Bib. Gregorio Torres Quintero Planta baja ej.2 3 RC338 T7.58 76018 31/12/2020 1 Libro    
    Library of Congress Classification     Colección General Bib. Gregorio Torres Quintero Bib. Gregorio Torres Quintero Planta baja ej.3 9 RC338 T7.58 76019 27/09/2024 1 Libro 09/09/2024 09/09/2024